U2 ... or R.E.M.? - Statistics

General Stats
  • This quiz has been taken 14 times
  • The average score is 9 of 12
Answer Stats
Question Answer % Correct
Which band formed in 1980 in Athens, Georgia (USA)? R.E.M.
100%
Which band hails from Dublin, Ireland? U2
100%
Which band's first mainstream hit song was The One I Love? R.E.M.
93%
Which band's debut album is called Boy? U2
93%
Which band took part in the Live Aid concert in 1985? U2
93%
Which band filmed a music video on a Los Angeles rooftop in 1987? U2
93%
Which band's original line-up included a female singer? Neither
86%
Which band's drummer suffered a ruptured brain aneurysm on-stage during a 1995 concert in Switzerland? R.E.M.
64%
Which band released an album in 1991 that reached number one on the US Billboard charts? Both
50%
Which band broke up in 2000? Neither
50%
Which band's members played in a one-time band called "Automatic Baby" at Bill Clinton's 1993 Presidential Inauguration? Both
29%
Which band recorded a song with "New York" in the title? Both
29%
No matching quizzes found
Score Distribution
Percent of People with Each Score
Percentile by Number Answered
Your Score History
You have not taken this quiz